| 000 | 00341nam a22001337a 4500 | ||
|---|---|---|---|
| 003 | OSt | ||
| 005 | 20160727222407.0 | ||
| 008 | 160624b xxu||||| |||| 00| 0 eng d | ||
| 100 |
_9884 _aGustafson, E |
||
| 245 | _aAppalachians SpringAppalachians Spring | ||
| 260 |
_aMichigan _b Zonderan _c1984 |
||
| 300 | _aAppalachians Spring | ||
| 942 |
_2ddc _cBK |
||
| 999 |
_c703 _d703 |
||